Le Kenya pour les touristes... - Statistiques

Statistiques générales
  • Ce quiz a été pris 8 fois
  • Le résultat moyen est 9 sur 20
Statistiques - réponses
Question Indice Réponses % Correct
Quelles sont les langues officielles ? Anglais
100%
Le principal aéroport est N Nairobi
100%
Ce pays est plus grand que la France (oui/non) Oui
100%
Quelles sont les langues officielles ? Swahili
88%
La religion majoritaire est Christianisme
75%
Quel pays a accordé son indépendance à celui-ci ? Royaume-Uni
75%
Le suffixe internet est ke
63%
Quels est le climat local ? T Tropical
63%
Dans la capitale quel est le décalage horaire avec Paris ? (+ ou - et chiffre) ex - 10 0
50%
Quel est le régime du pays ? République
50%
Quelle est la monnaie ? Shilling kenyan
50%
Quelles sont les principaux lieux touristiques ? MM Réserve de {Massaï-Mara}
38%
Quelles sont les principaux lieux touristiques ? R Vallée du {Rift}
38%
Achats à faire 1/ Sculptures en bois représentant des Animaux
13%
Quelles sont les principaux lieux touristiques ? L Ile de {Lamu}
13%
Achats à faire 2/ Objet sculptés en pierre de savon
13%
Achats à faire 4/ Tissu orné de dessins naïfs Batik
0%
Code sur les plaques minéralogiques EAK
0%
Achats à faire 3/ Ressemble au sarong Kanga
0%
Quelles sont les principaux lieux touristiques ? A Parc d'{Amboseti}
0%
Aucun quiz correspondant
Distribution des résultats
% des personnes avec chaque résultat
Percentile par nombre de réponses
Votre historique - résultats
Vous n’avez pas pris ce quiz